00847nam a22002297a 4500003000400000005001700004008004100021020001500062040000900077100002400086245012000110260002200230260004900252300001100301490004500312600006400357650004300421700003100464942001300495999001500508952009400523OSt20130517113428.0130517s2001 sp ||||| |||| 00| 0 cat d a848415310X cCDMR1 9188aCassany, Enric aFrancesc Miquel i Badiab: crític literari al Diario de Barcelona (1866-1899)cEnric Cassany, Antònia Tayadella aBarcelonabCurial bPublicacions de l'Abadia de Montserratc2001 a222 p.0 aTextos i Estudis de Cultura Catalanav801 93461aMiquel i Badia, Francescd1840-1899vRecull d'escrits0493416aCrítica literàriazCatalunya1 93460aTayadella, Antònia 2udccMON c6279d6279 00104070aCDMRbCDMRd2013-01-16l0oDu 5/36pCDMR13056455r2013-05-17w2013-05-17yMON